• 首页
  • 本馆介绍
  • 公告通知
  • 最新文献
  • 馆藏检索
  • 电子资源
  • 读者导购
  • 参考咨询
  • 我的图书馆
  • 登录
  • 详细信息显示
  • 放入我的书架
  • 预约/预借图书
  • 作者相关作品
  • 分类相关作品
  • 丛书相关作品
  • 出版社相关作品

书目信息

  • 表格格式
  • 工作单格式
  • 卡片格式
题名:
朗读学
    
 
作者: 张颂 著
分册:  
出版信息: 长沙   湖南教育出版社  1983
页数: 329页
开本: 19cm
丛书名:
单 册:
中图分类: H019 , H119
科图分类:
主题词: 朗诵学 , 汉语--语音 , 汉语--音韵学
电子资源:
ISBN:
000 00604nam0 2200253 450
001 1530469641
005 20150126082907.26
010    @dCNY1.25
091    @a9284.35
100    @a19950522d1983 em y0chiy0110 ea
101 0  @achi
102    @aCN@b430000
105    @ay z 000yy
200 1  @a朗读学@9lang du xue@f张颂著
210    @a长沙@c湖南教育出版社@d1983
215    @a329页@d19cm
606 0  @a朗诵学
606 0  @a汉语@x语音
606 0  @a汉语@x音韵学
690    @aH019@v5
690    @aH119@v4
701  0 @a张颂@9zhang song@4著
801  0 @aCN@bTSSF@c20150126
905    @aZUCC@dH119@eJY16
    
    朗读学/张颂著.-长沙:湖南教育出版社,1983
    329页;19cm
    
    
    ISBN :CNY1.25
    
●
相关链接 在E读中查询图书 在五车中查询图书 在当当中查询图书 在豆瓣中查询图书


正题名:朗读学     索取号:H119/JY16         预约/预借

序号 登录号 条形码 馆藏地/架位号 状态 备注
1 7842440   278424402   学院路分馆/ [索取号:H119/JY16] 在馆    
2 7842441   278424411   学院路分馆/ [索取号:H119/JY16] 在馆    
唐山师范学院图书馆 欢迎您!
大连网信软件有限公司© 版权所有